| 000 | 00000nam 2200000za 4500 |
| 001 | 9.643620 |
| 003 | CaOODSP |
| 005 | 20210624224243 |
| 007 | cr ||||||||||| |
| 008 | 150407s1992 quc o f|0| 0 fre d |
| 020 | |a978-0-660-67485-8 |
| 040 | |aCaOODSP|bfre |
| 043 | |an-cn--- |
| 086 | 1 |aCo28-1/87-1992F-PDF |
| 245 | 00|aThesaurus des sciences et des technologies de l'information |h[ressource électronique] / |cPréparé sous la direction de Denis Beauchemin. |
| 260 | |aLaval - Québec : |bCommunications Canada. |c1992. |
| 300 | |a163p. |
| 500 | |a«Numérisé par Éditions et Services de dépôt, Travaux publics et Services gouvernementaux Canada - 2014» |
| 590 | |a14-18-Supp|b2014-10-15 |
| 691 | 07|aTechnologie de l'information|2gcpds |
| 691 | 07|aInformation|2gcpds |
| 691 | 07|aTerminologie|2gcpds |
| 710 | 2 |aCentre canadien de recherche sur l'informatisation du travail. |
| 710 | 1 |aCanada. |bCommunications Canada. |
| 775 | 08|tThesaurus of information sciences and technologies / |w(CaOODSP)9.699644 |
| 776 | 0#|tThesaurus of information sciences and technologies / |w(CaOODSP)9.653011 |
| 776 | 0#|tThesaurus des sciences et des technologies de l'information / |w(CaOODSP)9.653012 |
| 856 | 40|qPDF|s5.30 Mo|uhttps://publications.gc.ca/collections/collection_2014/tpsgc-pwgsc/Co28-1-87-1992-fra.pdf |